000 00594nam a22001817a 4500
005 20251108172633.0
008 250721s2000 xx 000 0 ara d
082 1 4 _a332,63/غني
100 1 _aغنيم، أحمد
245 1 0 _aالأعتمادات المستنديه : المشكلات العلميه و الجوانب التطبيقيه /
264 1 _a[د.م] :
_b[د.ن]،
_c2000.
300 _a324 ص.
650 1 7 _aالإستثمارات
650 1 7 _aالسندات الماليه
650 1 7 _aالسندات القابله للتمويل
942 _2ddc
_cBK
999 _c84671
_d84671